Biggest Cities in the Canadian Territories - Statistics

General Stats
  • This quiz has been taken 17 times
  • The average score is 7 of 20
Answer Stats
Rank Population City % Correct
3 7,429 Iqaluit
100%
1 28,201 Whitehorse
100%
2 20,340 Yellowknife
94%
13 1,577 Dawson City
69%
5 3,137 Inuvik
63%
6 2,975 Rankin Inlet
50%
4 3,169 Hay River
31%
7 2,864 Arviat
25%
9 2,061 Baker Lake
19%
11 1,760 Cambridge Bay
19%
20 1,181 Clyde River
19%
12 1,746 Behchokǫ̀
13%
8 2,248 Fort Smith
13%
18 1,349 Gjoa Haven
13%
10 2,049 Igloolik
13%
17 1,382 Kugluktuk
13%
16 1,396 Kinngait
6%
19 1,225 Naujaat
6%
15 1,504 Pangnirtung
6%
14 1,555 Pond Inlet
6%
No matching quizzes found
Score Distribution
Percent of People with Each Score
Percentile by Number Answered
Your Score History
You have not taken this quiz